000 00698cam a22002533a 4500
001 27645
003 PGUSA
005 20140828083610.0
008 081228s2008||||xxu|||||s|||||000 1 eng d
040 _aPGUSA
_beng
042 _adc
050 4 _aPS
100 1 _aHasse, Henry,
_d1913-1977
245 1 4 _aThe Beginning
_h[electronic resource] /
_cHenry Hasse
260 _bProject Gutenberg,
_c2008
506 _aPublic domain in the USA.
516 _aElectronic text
653 _aPrehistoric peoples -- Fiction
653 _aShort stories
700 1 _aFinlay, Virgil,
_d1914-1971
830 0 _aProject Gutenberg
_v27645
856 4 0 _uhttp://www.gutenberg.org/ebooks/27645
942 _cEB
999 _c256900
_d256900